[Event "DEN-ch Seniors 2018"]
[Site "Hvidovre"]
[Date "2018.02.14"]
[Round "3"]
[White "Lindestrom, Torsten"]
[Black "Hald, Jens Erik Kofoed"]
[Result "1-0"]
[WhiteElo "2194"]
[BlackElo "1983"]
[Annotator "TA"]
[PlyCount "115"]
[EventDate "2018.??.??"]
[EventType "tourn"]
[EventCountry "DEN"]
[SourceTitle "playchess.com"]
[Source "ChessBase"]
[SourceQuality "1"]

{[%evp 19,115,35,35,9,31,25,27,14,25,-23,4,-9,9,-7,30,4,41,47,49,27,25,28,30,30,31,53,30,35,52,30,43,0,0,0,34,26,47,40,33,34,41,18,18,13,44,20,20,0,49,0,18,18,49,49,56,25,29,28,31,0,41,0,46,45,189,194,189,159,164,175,166,160,436,389,1064,1037,860,620,974,888,771,460,529,456,431,423,397,383,502,448,5210,5575,5065,1190,4794,4618,1341,1117]} 1. d4 d6 2. Nf3 Nf6 3. g3 g6 4. Bg2 Bg7 5. O-O O-O 6. c4 Nbd7 7. Nc3 Re8 8. e4 e5 9. d5 Nc5 10. Qc2 a5 {LiveBook: 9 Games} 11. Ne1 {E68: King's Indian: Fianchetto: 6...Nbd7 7 0-0 e5 8 e4} (11. h3 c6 12. Be3 cxd5 13. cxd5 Bd7 14. Bxc5 dxc5 15. a4 h6 16. Nd2 Nh5 17. Qd1 b6 18. Nc4 Rb8 19. Re1 Bc8 20. Bf1 Nf6 21. Qe2 {1-0 (55) Voloshin,L (2470)-Manik,M (2474) Czechia 2005}) 11... Nh5 12. Nd3 Nxd3 13. Qxd3 {White has an edge.} f5 14. f3 b6 $146 ({Find the theoretical novelty and annotate with similar games:} 14... f4 15. g4 Nf6 16. Bd2 Nd7 17. Be1 Bf6 18. Qe2 Kg7 {0-1 (43) Levenfish,G-Eliskases,E Moscow (Russia) 1936}) 15. b3 Rf8 16. Bd2 Nf6 17. a3 fxe4 18. fxe4 Bg4 19. b4 axb4 20. axb4 Qd7 21. Nb5 h5 22. Bg5 {And now Rxa8 would win.} Rxa1 23. Rxa1 Ne8 24. Ra7 Kh7 ({Much worse is} 24... Qf7 $6 25. Be3 $16) 25. c5 (25. Be3 {NOTEXT} Qc8 26. c5 dxc5 27. bxc5 bxc5 28. Bxc5 Rf7 29. Ra1) 25... bxc5 26. bxc5 Bh3 (26... dxc5 {NOTEXT} 27. Be3 h4 28. Bxc5 h3 29. Bf1 Rf3) 27. cxd6 Bxg2 28. Kxg2 Nxd6 29. Nxd6 ({Weaker is} 29. Nxc7 Rc8 $17) 29... Qxd6 30. Ra6 Qb4 31. Bd2 Qc5 32. Be3 Qb4 33. Bd2 Qc5 34. Be3 Qb4 35. Rc6 Qb2+ 36. Rc2 Qb1 37. Rc3 Qb2+ 38. Qc2 Qb5 {[%csl Gf8][%cal Rb5f1]} 39. Qd3 Qb2+ 40. Qc2 (40. Kh3 $5 {[%cal Rc3c7]}) 40... Qb5 {[%csl Gf8][%cal Rb5f1]} 41. Bf2 $36 {[%mdl 2048] White has some pressure.} Ra8 (41... Rf7 $1 $14) 42. Rxc7 $18 Ra1 {[#] Threatening ...Qf1+.} 43. Qc4 $1 {[%cal Rc4b5]} Qb1 {[#]} 44. Qe2 $1 Ra2 45. Qf3 Ra1 $2 (45... Qb6 $16 46. Rd7 Kh8) 46. Kh3 {White threatens Qf6 and mate.} Ra8 $2 (46... Qf1+ 47. Kh4 Rc1) 47. Bc5 {Threatening mate with Qf6.} Rg8 48. Bf8 Qb8 49. Bd6 Qe8 50. Qf6 Qc8+ 51. Rxc8 {White wants to mate with Rc7.} Bxf6 {[%mdl 4096] Endgame KRB-KRB} 52. Rc7+ Rg7 53. g4 hxg4+ 54. Kxg4 {White is clearly winning.} Kg8 (54... Kh8 $142 55. h3 Kh7) 55. Rc8+ Kh7 56. Rf8 Be7 57. Bxe7 Rxe7 58. Rf6 {Precision: White = 43%, Black = 40%.} 1-0

[Event "DEN-ch Seniors 2018"]
[Site "Hvidovre"]
[Date "2018.02.14"]
[Round "3"]
[White "Petersen, Peter Birk"]
[Black "Olesen, Poul Erik Norgaard"]
[Result "1-0"]
[WhiteElo "2130"]
[BlackElo "2010"]
[Annotator "TA"]
[PlyCount "57"]
[EventDate "2018.??.??"]
[EventType "tourn"]
[EventCountry "DEN"]
[SourceTitle "playchess.com"]
[Source "ChessBase"]
[SourceQuality "1"]

{[%evp 19,57,33,37,12,45,30,35,0,20,16,24,8,8,3,63,62,67,66,66,66,79,77,126,133,127,139,209,211,262,69,76,0,259,227,523,511,560,537,616,433]} 1. e4 g6 2. d4 Bg7 3. Nc3 d6 4. Nf3 Nf6 5. Be2 O-O 6. O-O c6 7. h3 e5 8. Be3 Nbd7 9. Qd2 Re8 10. dxe5 dxe5 11. Bc4 {B08: Pirc Defence: Classical System} Qe7 12. Ng5 Rf8 13. Rad1 $146 {White is slightly better.} ({Predecessor:} 13. a3 h6 14. Nf3 Nb6 15. Bxb6 axb6 16. Rad1 b5 17. Bb3 {0-1 (49) Wang,Y (2375)-Huang,Q (2417) Zaozhuang 2012}) 13... b5 14. Bb3 $1 {Hoping for Qd6.} a5 15. Qd6 (15. a3 {seems wilder.} b4 16. Na4 Ba6 17. Rfe1 c5 18. Bd5) 15... Qxd6 16. Rxd6 a4 (16... Ra6 $1 $11) 17. Bxf7+ $1 $14 Rxf7 18. Nxf7 Kxf7 19. Rxc6 b4 {[#]} 20. Nb5 $1 {[%cal Rb5d6]} Ba6 21. Nd6+ Ke7 22. Rd1 h6 (22... Be2 $16 23. Rd2 Ra6) 23. f3 Nh5 24. Rc7 $2 (24. Kf2 $18) 24... Kd8 $1 {[%cal Rd8c7]} 25. Rc6 (25. Ra7 $16 Rxa7 26. Bxa7) 25... Nf4 $2 {[%mdl 8192]} (25... Ke7 $1 $11 {and Black stays safe.}) 26. Kf2 Ne6 $2 (26... Bf8 27. Nf7+ Ke8 28. Rxd7 Bb5) 27. Nf5 $18 {[#] Bb6+ is the strong threat.White is clearly winning.} gxf5 28. Rxe6 Bb5 29. exf5 {Precision: White = 50%, Black = 34%.} 1-0

[Event "DEN-ch Seniors 2018"]
[Site "Hvidovre"]
[Date "2018.02.14"]
[Round "3"]
[White "Schultz-Pedersen, Jesper"]
[Black "Lilja, Richard"]
[Result "1-0"]
[WhiteElo "2068"]
[BlackElo "2086"]
[Annotator "NA RC"]
[PlyCount "61"]
[EventDate "2018.??.??"]
[EventType "tourn"]
[EventCountry "DEN"]
[SourceTitle "playchess.com"]
[Source "ChessBase"]
[SourceQuality "1"]
[TimeControl "40/5400+30:1800+30"]

{[%evp 8,61,-6,-18,-22,-19,-29,-21,-8,-25,2,-12,2,-51,-14,-8,13,12,30,0,-7,-62,-50,-57,-58,-265,-244,-252,-222,-241,-237,-258,-201,-197,-196,-231,-208,-213,-154,-170,-111,-148,-145,-116,-131,-123,-133,-139,-151,-133,30,24,175,217,188,206]} 1. e4 {[%emt 0:00:00]} c5 {[%emt 0:00:17]} 2. Nc3 {[%emt 0:00:00]} e6 {[%emt 0:01:02]} 3. f4 {[%emt 0:00:22]} d5 {[%emt 0:00:47]} 4. Nf3 {[%emt 0:00:13]} dxe4 {[%emt 0:00:13] B23: Closed Sicilian: Lines without g3} (4... Nc6 5. Bb5 Nge7 6. O-O a6 7. Bxc6+ Nxc6 8. d3 Be7 9. Kh1 b5 10. Qe1 b4 11. Na4 O-O 12. Be3 Qa5 13. b3 Qb5 14. c4 bxc3 15. Nxc3 Qb7 16. exd5 exd5 17. Nxd5 {1-0 (76) Shabalov,A (2544)-Pichot,A (2552) chess.com INT 2018}) 5. Ne5 {[%emt 0:00:51]} Nf6 {[%emt 0:03:33]} 6. Bb5+ {[%emt 0:00:24]} Nbd7 {[%emt 0:01:05]} 7. Qe2 {[%emt 0:00:20]} a6 {[%emt 0:00:49]} 8. Bxd7+ $1 {[%emt 0:00:07]} Bxd7 {[%emt 0:02:00]} 9. Nxe4 {[%emt 0:00:16]} Be7 {[%emt 0:10:38]} 10. b3 $146 {[%emt 0:01:15]} ({Predecessor:} 10. Ng5 O-O {½-½ (32) Topot,I (1228)-Aguilar,S (1550) Chessfriend.com 2003}) 10... O-O {[%emt 0:02:06]} 11. Bb2 {[%emt 0:00:39]} Be8 {[%emt 0:10:11]} 12. Nxf6+ {[%emt 0:08:26]} Bxf6 {[%emt 0:00:10]} 13. O-O {[%emt 0:00:17]} b5 {[%emt 0:01:49]} 14. f5 {[%emt 0:04:37]} (14. a4 $11) 14... exf5 {[%emt 0:24:15]} 15. Rxf5 {[%emt 0:01:35]} Bd7 $1 {[%emt 0:06:04]} 16. Nc6 $2 {[%emt 0:50:27]} (16. Rff1 $15) 16... Bxb2 {[%emt 0:04:41]} ({Weaker is} 16... Bxf5 17. Nxd8 Bxb2 18. Rf1 $11) (16... Bxc6 {[#]} 17. Rxf6 $1 {[%mdl 512]} Re8 18. Qg4 $15) 17. Nxd8 {[%emt 0:02:48]} Bxa1 {[%emt 0:00:05]} 18. Rxf7 Bd4+ {[%emt 0:01:49]} ({Weaker is} 18... Raxd8 19. Rxf8+ Rxf8 20. c3 $15) 19. Kh1 {[%emt 0:04:39]} Raxd8 {[%emt 0:09:47]} 20. Rxf8+ {[%emt 0:01:16]} Rxf8 {[%emt 0:00:02]} 21. h4 {[%emt 0:00:34]} Re8 {[%emt 0:04:50]} 22. Qf3 {[%emt 0:01:14]} b4 {[%emt 0:05:42]} 23. c3 {[%emt 0:01:18]} bxc3 {[%emt 0:00:20]} 24. dxc3 {[%emt 0:00:06]} Re1+ {[%emt 0:05:13]} 25. Kh2 {[%emt 0:00:02]} Bg1+ {[%emt 0:00:51]} 26. Kh1 {[%emt 0:00:41]} Bf2+ {[%emt 0:00:47]} 27. Kh2 {[%emt 0:00:02]} Bxh4 {[%emt 0:00:23]} 28. Qa8+ {[%emt 0:03:36]} Kf7 $2 {[%emt 0:01:45]} (28... Be8 $17 29. Qxa6 Bf6) 29. Qd5+ {[%emt 0:00:54]} Re6 $2 {[%emt 0:02:28]} (29... Ke7 $11 {and Black is okay.}) 30. Qxd7+ {[%emt 0:00:09]} Be7 {[%emt 0:00:04]} 31. Qd5 $18 {[%emt 0:01:21]} 1-0

[Event "DEN-ch Seniors 2018"]
[Site "Hvidovre"]
[Date "2018.02.14"]
[Round "3"]
[White "Nielsen, Jorgen Lovgren"]
[Black "Sorensen, Jens Kristian"]
[Result "1-0"]
[WhiteElo "2041"]
[BlackElo "1905"]
[Annotator "NA RC"]
[PlyCount "81"]
[EventDate "2018.??.??"]
[EventType "tourn"]
[EventCountry "DEN"]
[SourceTitle "playchess.com"]
[Source "ChessBase"]
[SourceQuality "1"]
[TimeControl "40/5400+30:1800+30"]

{[%evp 8,81,30,28,82,79,72,43,58,36,60,45,49,10,41,6,19,24,54,22,350,38,16,35,68,71,78,54,60,68,164,159,286,114,258,224,210,245,264,233,487,521,672,566,749,922,940,522,594,642,649,752,625,772,831,829,1052,643,970,1378,1298,0,593,677,605,537,450,534,564,579,592,481,29992,29993,-1033,29994]} 1. e4 {[%emt 0:00:00]} c6 {[%emt 0:00:15]} 2. d4 {[%emt 0:00:06]} d5 {[%emt 0:00:20]} 3. Nc3 {[%emt 0:00:18]} dxe4 {[%emt 0:00:29]} 4. Nxe4 {[%emt 0:00:10]} Nf6 {[%emt 0:00:30]} 5. Nxf6+ {[%emt 0:00:37]} gxf6 {[%emt 0:00:17]} 6. Nf3 {[%emt 0:00:40]} Bg4 {[%emt 0:03:02]} 7. Be2 {[%emt 0:01:15]} e6 {[%emt 0:02:41]} 8. O-O {[%emt 0:06:57]} Qc7 {[%emt 0:13:08] B16: Caro-Kann: Bronstein-Larsen Variation} 9. c4 {[%emt 0:02:05]} Nd7 {[%emt 0:03:01]} 10. Be3 {[%emt 0:01:03]} (10. h3 $14 Bf5 11. Qb3) (10. Nh4 h5 11. h3 Bxe2 12. Qxe2 O-O-O 13. Rd1 Bd6 14. d5 Rde8 15. Be3 Bc5 16. Bxc5 Nxc5 {1-0 (34) Adams,M (2715)-Short,N (2687) Sheffield 2011}) 10... O-O-O 11. Qa4 {LiveBook: 4 Games} Kb8 {[%emt 0:12:26]} 12. c5 $146 {[%emt 0:03:41]} ({Find the theoretical novelty and annotate with similar games:} 12. b4 f5 13. Rad1 Bd6 14. h3 Bh5 15. c5 Bf4 16. Bxf4 Qxf4 17. Rd3 {½-½ (28) Kokarev,D (2370)-Yevseev,D (2539) Moscow 1999}) 12... h5 {[%emt 0:03:55]} 13. b4 {[%emt 0:05:02]} b5 $2 ({Black should try} 13... Rg8 $14) 14. cxb6 $2 (14. Qc2 $18) 14... Nxb6 {[%emt 0:12:25]} 15. Qb3 {[%emt 0:02:05]} Nd5 {[%emt 0:05:23]} 16. Rfc1 {[%emt 0:06:39]} Qb6 {[%emt 0:07:01]} 17. Qa4 {[%emt 0:08:35]} Rc8 {[%emt 0:09:55]} 18. Ba6 {[%emt 0:05:04]} Rc7 {[%emt 0:00:55] [#]} ({Black should try} 18... Bxf3 $1 $14 19. gxf3 Rc7) 19. Nd2 $1 {[%emt 0:03:45]} Ka8 {[%emt 0:05:07] [#]} (19... Bf5 $142 20. a3 Ka8) 20. a3 $2 {[%emt 0:02:41]} (20. Rab1 $1 $18) 20... Bh6 {[%emt 0:07:46]} (20... Rg8 $16 {was called for.}) 21. Nc4 {[%emt 0:02:12]} Qb8 {[%emt 0:00:24]} 22. Bxh6 {[%emt 0:01:34]} Rxh6 {[%emt 0:00:11]} 23. Na5 {[%emt 0:01:23]} Nb6 $2 {[%emt 0:01:34]} (23... Rg6 {was necessary.} 24. Bd3 (24. Nxc6 Qe8 $16) (24. Rxc6 Bf3 $16) 24... Rg8) 24. Qb3 {[%emt 0:02:20]} Qe8 {[%emt 0:03:09] [#]} 25. Bb5 $1 {[%emt 0:03:44]} Qd7 {[%emt 0:01:54]} 26. Bxc6+ {[%emt 0:01:32]} Rxc6 {[%emt 0:00:08]} 27. Nxc6 {[%emt 0:00:44]} Bf5 {[%emt 0:00:54]} 28. Qf3 {[%emt 0:01:20]} Nd5 {[%emt 0:00:40]} 29. Rc5 {[%emt 0:01:28]} Rh8 {[%emt 0:00:30]} 30. Rac1 {[%emt 0:01:13]} Bg4 {[%emt 0:00:44]} 31. Qg3 {[%emt 0:02:31]} f5 {[%emt 0:01:07]} 32. Qe5 {[%emt 0:01:05]} Rg8 $1 $11 {[%emt 0:02:09]} 33. Ra5 {[%emt 0:01:58]} (33. Rb5 Qc7 34. Rxd5 Qxe5) 33... Rc8 {[%emt 0:00:57] [#]} 34. Rac5 $2 {[%emt 0:01:09]} ({White should try} 34. Qd6 $3 $18 {[%mdl 512]} Rxc6 {[#]} (34... Qxd6 35. Rxa7#) 35. Rxa7+ $1 {[%mdl 512]} (35. Qxd7 $2 {leads to mate.} Rxc1#) 35... Qxa7 36. Rxc6) 34... f6 $2 {[%emt 0:00:31]} 35. Qg3 {[%emt 0:00:55]} Be2 {[%emt 0:00:35]} 36. Na5 {[%emt 0:02:11]} Rb8 {[%emt 0:00:35]} 37. R1c2 {[%emt 0:05:51]} f4 {[%emt 0:00:35]} 38. Qg6 {[%emt 0:02:13]} f3 {[%emt 0:00:37]} 39. Qe4 {[%emt 0:01:07]} Rg8 {[%emt 0:00:49] [#]} (39... f5 $18 40. Qh4 Bd3) 40. Qh7 $1 {[%emt 0:03:37]} Rxg2+ {[%emt 0:32:37]} 41. Kh1 {[%emt 0:30:10]} 1-0

[Event "DEN-ch Seniors 2018"]
[Site "Hvidovre"]
[Date "2018.02.14"]
[Round "3"]
[White "Hansen, Lars-Henrik Bech"]
[Black "Holler Johansen, Alexander Mikkel Jo"]
[Result "1/2-1/2"]
[WhiteElo "1972"]
[BlackElo "1904"]
[Annotator "NA RC"]
[PlyCount "29"]
[EventDate "2018.??.??"]
[EventType "tourn"]
[EventCountry "DEN"]
[SourceTitle "playchess.com"]
[Source "ChessBase"]
[SourceQuality "1"]
[TimeControl "40/5400+30:1800+30"]

{[%evp 8,29,12,-26,0,10,-2,-17,-6,-18,6,-14,-4,-8,28,11,29,19,52,55,79,57,65,0]} 1. e4 {[%emt 0:00:00]} c5 {[%emt 0:00:04]} 2. Nc3 {[%emt 0:00:00]} Nc6 {[%emt 0:00:07]} 3. f4 {[%emt 0:02:00]} d6 {[%emt 0:00:42]} 4. Nf3 {[%emt 0:00:07]} g6 {[%emt 0:00:07]} 5. Bc4 {[%emt 0:00:07]} Bg7 {[%emt 0:00:17]} 6. O-O {[%emt 0:00:08]} e6 {[%emt 0:00:08]} 7. d3 {[%emt 0:00:56]} Nge7 {[%emt 0:00:06]} 8. Qe1 {[%emt 0:01:21]} O-O {[%emt 0:04:02] LiveBook: 213 Games} 9. Qh4 {[%emt 0:00:18]} d5 {[%emt 0:01:31]} 10. Bb3 $1 {[%emt 0:01:59]} f5 {[%emt 0:00:17]} (10... Na5 $15) 11. e5 {[%emt 0:01:18]} Rb8 {[%emt 0:07:33]} 12. Ne2 {[%emt 0:07:19]} b5 {[%emt 0:00:26]} 13. c3 {[%emt 0:00:41]} ({Wrong is} 13. Ng5 $2 h6 $19) 13... Bd7 {[%emt 0:07:13]} 14. Bc2 {[%emt 0:00:44]} b4 {[%emt 0:02:13]} 15. d4 $11 {[%emt 0:01:19]} ({White should try} 15. Bb3 $16) 1/2-1/2

[Event "DEN-ch Seniors 2018"]
[Site "Hvidovre"]
[Date "2018.02.15"]
[Round "4"]
[White "Larsen, Peter"]
[Black "Lindestrom, Torsten"]
[Result "0-1"]
[WhiteElo "2268"]
[BlackElo "2194"]
[Annotator "RC"]
[PlyCount "42"]
[EventDate "2018.??.??"]
[EventType "tourn"]
[EventCountry "DEN"]
[SourceTitle "playchess.com"]
[Source "ChessBase"]
[SourceQuality "1"]
[TimeControl "40/5400+30:1800+30"]

1. e4 {[%emt 0:16:08]} d5 {[%emt 0:00:09]} 2. exd5 {[%emt 0:00:39]} Qxd5 {[%emt 0:00:05]} 3. Nc3 {[%emt 0:00:33]} Qd6 {[%emt 0:00:04]} 4. d4 {[%emt 0:01:01]} Nf6 {[%emt 0:00:04]} 5. Nf3 {[%emt 0:00:15]} g6 {[%emt 0:01:24]} 6. Nb5 {[%emt 0:07:37]} Qb6 {[%emt 0:04:28]} 7. Bf4 {[%emt 0:07:54]} Nd5 {[%emt 0:08:09]} 8. Be5 {[%emt 0:06:13]} f6 {[%emt 0:01:09]} 9. c4 {[%emt 0:00:26]} a6 {[%emt 0:06:25]} 10. cxd5 {[%emt 0:04:19]} fxe5 {[%emt 0:03:36]} 11. Nc3 {[%emt 0:13:31]} Qxb2 {[%emt 0:06:02]} 12. Rc1 {[%emt 0:00:49]} Bf5 {[%emt 0:16:16]} 13. dxe5 {[%emt 0:01:56]} Bh6 {[%emt 0:00:58]} 14. Nd2 {[%emt 0:00:18]} Nd7 {[%emt 0:00:31]} 15. e6 {[%emt 0:16:06]} Nc5 {[%emt 0:07:42]} 16. Be2 {[%emt 0:04:58]} O-O {[%emt 0:05:51]} 17. h4 {[%emt 0:00:32]} Nd3+ {[%emt 0:04:32]} 18. Bxd3 {[%emt 0:00:06]} Bxd3 {[%emt 0:00:05]} 19. h5 {[%emt 0:00:40]} Rf5 {[%emt 0:01:42]} 20. f3 {[%emt 0:03:00]} Re5+ {[%emt 0:07:16]} 21. Nce4 {[%emt 0:00:05]} Qd4 {[%emt 0:00:13]} 0-1

[Event "DEN-ch Seniors 2018"]
[Site "Hvidovre"]
[Date "2018.02.15"]
[Round "4"]
[White "Stentebjerg-Hansen, Per"]
[Black "Schultz-Pedersen, Jesper"]
[Result "1-0"]
[WhiteElo "2261"]
[BlackElo "2068"]
[Annotator "TA"]
[PlyCount "101"]
[EventDate "2018.??.??"]
[EventType "tourn"]
[EventCountry "DEN"]
[SourceTitle "playchess.com"]
[Source "ChessBase"]
[SourceQuality "1"]

{[%evp 12,101,29,27,33,24,23,17,15,10,25,11,34,35,44,32,46,43,57,47,92,90,98,94,131,116,112,114,156,116,124,124,159,130,143,98,114,110,106,108,106,93,149,140,134,54,94,33,55,28,23,15,45,45,45,34,45,0,11,0,45,45,45,45,67,67,67,67,93,93,93,88,116,116,220,227,688,483,685,639,677,665,641,562,521,292,29990,29991,29991,29992,29992,6632]} 1. d4 Nc6 2. Nf3 d5 3. Bf4 Bg4 4. Nbd2 e6 5. c3 Bd6 6. Bg3 Nge7 {D02: 1 d4 d5 2 Nf3 sidelines, including 2...Nf6 3 g3 and 2...Nf6 3 Bf4} (6... Nf6 7. Qa4 Nd7 8. Bxd6 cxd6 9. Qa3 Nf6 10. e3 O-O 11. Bb5 Na5 12. O-O a6 13. Bd3 b5 14. b3 {½-½ (79) Gorbatov,A (2374)-Triapishko,O (2500) Moscow 2017}) 7. e3 {LiveBook: 3 Games} O-O 8. Qc2 Bf5 {White has an edge.} 9. Qb3 Rb8 $146 ({Find the theoretical novelty and annotate with similar games:} 9... Ng6 10. Be2 Bxg3 11. hxg3 Na5 12. Qa3 Nc6 13. Nh4 Nxh4 14. gxh4 {1-0 (37) Duschek,G (1592)-Goldbeck,D (1237) Dortmund 2007}) 10. Be2 Ng6 11. O-O Qe7 12. Ne1 Bxg3 13. hxg3 Nh8 14. Nef3 Bg4 15. Bd3 Bxf3 16. gxf3 Rfd8 17. Qc2 g6 18. e4 f5 19. Rae1 {[%cal Re4f5]} Qf6 20. Re2 Nf7 21. Kg2 Rf8 22. exd5 exd5 23. f4 Rbe8 24. Qb3 Qd6 25. Rfe1 ({Of course not} 25. Qxb7 $6 Rxe2 26. Bxe2 Rb8 $11) 25... Rxe2 26. Rxe2 Ncd8 ({Better is} 26... Nfd8) 27. Nf3 Kg7 28. Ne5 ({White should play} 28. c4 $16) 28... c6 29. Qd1 ({White should try} 29. c4 $16) 29... Nxe5 $14 30. dxe5 Qd7 31. Qa4 b5 32. Qb4 Ne6 33. a4 a6 34. axb5 axb5 35. Qa3 Kf7 36. Re1 Rc8 37. Ra1 Qe7 38. Qa6 Rc7 39. Qb6 Nc5 40. Bc2 Ne6 41. Ra8 Kg7 42. b4 Qd7 (42... Qf7 $16 43. Bd1 (43. Qb8 Qf8 $16) 43... Qe7) 43. Qb8 $18 {[#] White threatens Qh8+ and mate.} Qe7 $2 (43... Kh6 44. Bb3 Qe7) 44. Qg8+ Kh6 45. Re8 Nxf4+ 46. gxf4 Qh4 47. Qf8+ Rg7 48. Qc5 g5 $2 {[#]} (48... Qxf4 $18 49. e6 (49. Qxc6 Qg4+ 50. Kf1 Ra7 $11) 49... Qd2) 49. Re6+ {White mates.} Kh5 50. Bd1+ g4 51. Qe3 {Precision: White = 54%, Black = 33%.} (51. Qf8 $142 Rg6 52. Qxf5+ Kh6 53. Qf8+ Kh5 54. Rxg6 Qh3+ 55. Kg1 Qh1+ 56. Kxh1 Kxg6 57. Bxg4 h6 58. Qg8#) 1-0

[Event "DEN-ch Seniors 2018"]
[Site "Hvidovre"]
[Date "2018.02.15"]
[Round "4"]
[White "Hartung-Nielsen, Jens"]
[Black "Nielsen, Jorgen Lovgren"]
[Result "1/2-1/2"]
[WhiteElo "2217"]
[BlackElo "2041"]
[Annotator "TA"]
[PlyCount "52"]
[EventDate "2018.??.??"]
[EventType "tourn"]
[EventCountry "DEN"]
[SourceTitle "playchess.com"]
[Source "ChessBase"]
[SourceQuality "1"]

{[%evp 23,52,-31,-39,-39,-40,-39,-39,-39,-39,-39,-39,-49,-41,-49,57,-59,-62,-72,-75,-83,-7,-129,-66,-66,-68,-85,-84,-140,-135,-163,-131]} 1. e4 e5 2. Nf3 Nc6 3. Nc3 Nf6 4. Bb5 Bc5 5. O-O O-O 6. Nxe5 Nxe5 7. d4 Bd6 8. f4 Nc6 {C48: Four Knights: 4 Bb5, replies other than 4...Bb4} 9. e5 Be7 10. exf6 Bxf6 11. d5 Nb4 12. a3 Bxc3 {LiveBook: 3 Games} 13. bxc3 Nxd5 $1 14. Qxd5 c6 15. Qd3 {[#] aiming for Ba4.} cxb5 {[#]} 16. Be3 $146 ({Find the theoretical novelty and annotate with similar games:} 16. f5) 16... b6 17. f5 {[%cal Bf4f5,Bf5f6][%mdl 32] Strongly threatening Qd5.} Re8 18. f6 d5 (18... g6 $15) 19. Bh6 ({Better is} 19. fxg7 $14 Re4 20. h3) 19... g6 $15 20. Qg3 Re4 21. Rae1 Be6 ({Black should try} 21... Ba6 $17 {...b4 is the strong threat.} 22. Rf4 Bb7 23. Rfxe4 dxe4) 22. Rf4 (22. Rxe4 $1 $11 {keeps the balance.} dxe4 23. Qh4) 22... Rxf4 (22... Rxe1+ $17 23. Qxe1 Qd6) 23. Qxf4 {Hoping for Rxe6!} Qb8 24. Qh4 Qd6 25. Bg5 (25. Qb4 $142 Qxb4 26. cxb4) 25... Rc8 $17 ({Inferior is} 25... Qxa3 {[#]} 26. Rxe6 $1 {[%mdl 512]} Qc5+ 27. Re3 $16) 26. Re3 Rc4 {Precision: White = 33%, Black = 58%.} 1/2-1/2